[Event "Brighton"]
[Site "Brighton"]
[Date "1981.??.??"]
[Round "6"]
[White "Chandler, Murray G"]
[Black "Conquest, Stuart"]
[Result "1/2-1/2"]
[WhiteElo "2530"]
[BlackElo "2210"]

1.e4 g6 2.d4 Bg7 3.Nc3 c5 4.d5 d6 5.Nf3 Nf6 6.Be2 Na6 7.O-O Nc7 8.Re1 O-O
9.a4 Rb8 10.Bc4 Bg4 11.h3 Bxf3 12.Qxf3 Nd7 13.Qe2 Bxc3 14.bxc3 e6 15.Bf4 e5
16.Bh6 Re8 17.Bb5 a6 18.Bxd7 Qxd7 19.c4 b6 20.h4 Rb7 21.Qf3 Reb8 22.Reb1 Ne8
23.Ra3 f5 24.Bg5 Ng7 25.Qe2 Qe8 26.g3 Qd7 27.Rbb3 Qe8 28.Kg2 Qd7 29.Rb1 Qe8
30.f3 Qd7 31.exf5 gxf5 32.h5 Qf7 33.Rh1 b5 34.axb5  1/2-1/2

[Event "Brighton"]
[Site "Brighton"]
[Date "1981.??.??"]
[Round "8"]
[White "Arnason, Jon L"]
[Black "Conquest, Stuart"]
[Result "1-0"]
[WhiteElo "2440"]
[BlackElo "2210"]

1.e4 g6 2.d4 Bg7 3.Nc3 c5 4.Nf3 Qa5 5.Be2 d6 6.O-O Bg4 7.dxc5 Qxc5 8.Nd5 Nd7
9.Be3 Qc8 10.Bd4 Ngf6 11.Bb5 Kf8 12.Bxd7 Qxd7 13.Nxf6 Bxf6 14.Bxf6 exf6 15.Qd4 Kg7
16.Nd2 Qc6 17.e5 fxe5 18.Qxg4 Qxc2 19.Nc4 Rhd8 20.Rfc1  1-0

[Event "Gausdal Int"]
[Site "Gausdal"]
[Date "1981.??.??"]
[Round "2"]
[White "Jansson, Joran"]
[Black "Berg, Klaus"]
[Result "1-0"]
[WhiteElo "2200"]
[BlackElo "2305"]

1.d4 g6 2.e4 Bg7 3.Nc3 c5 4.d5 d6 5.f4 Nf6 6.e5 Nfd7 7.exd6 Bxc3+ 8.bxc3 exd6
9.Bd3 O-O 10.c4 Re8+ 11.Ne2 Qh4+ 12.g3 Qh3 13.Bb2 Nb6 14.Qd2 Na4 15.O-O-O Nxb2
16.Kxb2 Bg4 17.Rde1 Nd7 18.Nc3 Nf6 19.Nb5 Red8 20.Qc3 Ne8 21.Rxe8+ Rxe8 22.Nxd6 Red8
23.Qf6 Rd7 24.Re1 Qh6 25.Ne8 Rdd8 26.Re7 Qf8 27.Nc7 Rac8 28.d6 Qg7 29.Qe5 Qxe5+
30.fxe5 Bf3 31.Nd5 Bxd5 32.cxd5 Kf8 33.Bb5 f6 34.Rxh7 fxe5 35.d7 Rb8 36.d6 a6
37.Bc4 b5 38.Bd5 g5 39.h4 gxh4 40.gxh4 c4 41.h5  1-0

[Event "Ljubljana"]
[Site "Ljubljana"]
[Date "1981.??.??"]
[Round "6"]
[White "Wittmann, Walter"]
[Black "Forintos, Gyozo V"]
[Result "1-0"]
[WhiteElo "2425"]
[BlackElo "2460"]

1.e4 g6 2.d4 Bg7 3.Nc3 c5 4.Nf3 cxd4 5.Nxd4 Nc6 6.Be3 Nf6 7.Nxc6 bxc6 8.e5 Nd5
9.Nxd5 cxd5 10.Qxd5 Rb8 11.Bc4 O-O 12.O-O Bb7 13.Qd3 Qc7 14.f4 Rfd8 15.Rf2 d6
16.e6 f5 17.Bd4 Be4 18.Qc3 Bxd4 19.Qxd4 Rb4 20.b3 d5 21.Qd2 Rb6 22.Rd1 Rxe6
23.Bd3 Qb6 24.Bxe4 Rxe4 25.h3 Rd6 26.Kh2 Rde6 27.c3 Kg7 28.Qb2 Qd6 29.g3 Kf7
30.Rd3 Qc6 31.Qd2 Qa6 32.g4 Ke8 33.gxf5 gxf5 34.Qd1 Qb6 35.Qh5+ Rg6 36.Rdf3 Re3
37.Rg2 Re2 38.Qxg6+ hxg6 39.Rxe2 Qf6 40.Re5 g5 41.Rfe3 d4 42.Rxe7+ Kd8 43.Re8+ Kd7
44.R3e7+ Kd6 45.Re6+ Qxe6 46.Rxe6+ Kxe6 47.cxd4  1-0

[Event "BUL-ch"]
[Site "Sofia"]
[Date "1981.??.??"]
[Round "14"]
[White "Inkiov, Ventzislav"]
[Black "Ermenkov, Evgenij"]
[Result "1-0"]
[WhiteElo "2475"]
[BlackElo "2490"]

1.d4 g6 2.e4 Bg7 3.Nc3 c5 4.d5 d6 5.Be2 Nf6 6.Nf3 O-O 7.O-O Na6 8.Nd2 Nc7
9.a4 b6 10.Nc4 Rb8 11.Bf4 Ba6 12.Re1 Nd7 13.Qd2 Bxc4 14.Bxc4 a6 15.Bh6 b5
16.Bxg7 Kxg7 17.axb5 axb5 18.Bf1 b4 19.Nd1 Nb6 20.Ne3 e5 21.dxe6 Nxe6 22.Ra6 Nc8
23.Bc4 Qf6 24.Bxe6 Qxe6 25.Nd5 f6 26.f4 Qf7 27.e5 fxe5 28.fxe5 dxe5 29.Rf6 Qg8
30.Rxf8 Kxf8 31.Qf2+ Qf7 32.Qxc5+ Kg8 33.Rxe5 Ra8 34.h3 Na7 35.Re7 Qf5 36.Qd4  1-0

[Event "Trencianske Teplice"]
[Site "Trencianske Teplice"]
[Date "1981.??.??"]
[Round "6"]
[White "Pribyl, Josef"]
[Black "Seifert, Milan"]
[Result "1-0"]
[WhiteElo "2440"]
[BlackElo "2315"]

1.e4 g6 2.d4 Bg7 3.Nc3 Nc6 4.Be3 d6 5.d5 Nb8 6.g4 h6 7.f4 Nf6 8.h3 c6 9.Qd2 a6
10.Bg2 cxd5 11.exd5 Nbd7 12.Nge2 b5 13.Nd4 Bb7 14.Nc6 Qc7 15.a4 b4 16.Nxb4 Nb6
17.Bd4 Qc4 18.Nc6 Bxc6 19.Bxb6 Bb7 20.a5 Nd7 21.Be3 Rc8 22.Ra3 O-O 23.Qd3 e6
24.O-O exd5 25.Nxd5 Bxd5 26.Bxd5 Qxc2 27.b4 Rfe8 28.Rf2 Qxd3 29.Rxd3 Rxe3
30.Rxe3 Bd4 31.Rd3 Rc1+ 32.Kg2 Bxf2 33.Kxf2 Nf6 34.Bb7 Rb1 35.Rd4 d5 36.Bxa6 Ne4+
37.Ke2 Rb2+ 38.Kd3 Rb3+ 39.Kc2 Rxh3 40.Bd3 Nf2 41.a6 Rh2  1-0

[Event "Trencianske Teplice"]
[Site "Trencianske Teplice"]
[Date "1981.??.??"]
[Round "8"]
[White "Barczay, Laszlo"]
[Black "Seifert, Milan"]
[Result "1/2-1/2"]
[WhiteElo "2420"]
[BlackElo "2315"]

1.e4 g6 2.d4 Bg7 3.Nc3 Nc6 4.Nf3 d6 5.d5 Nb8 6.Bf4 Nf6 7.Qd2 h6 8.h3 c6 9.Bd3 cxd5
10.exd5 Nbd7 11.O-O Nc5 12.Bb5+ Bd7 13.Rfe1 Bxb5 14.Nxb5 Nfe4 15.Qb4 f5 16.Be3 O-O
17.Bd4 Qb6 18.Bxg7 Kxg7 19.Qd4+ Kh7 20.c4 a6 21.Na3 Rf7 22.Re3 Rg8 23.Nc2 Qc7
24.b3 Rgg7 25.Nh2 Qd8 26.f3 e5 27.dxe6 Nxe6 28.Qd5 Nf4 29.Qd4 Ne6 30.Qd5 Nf4
31.Qd4  1/2-1/2

[Event "Trencianske Teplice"]
[Site "Trencianske Teplice"]
[Date "1981.??.??"]
[Round "10"]
[White "Petrik, Karol"]
[Black "Seifert, Milan"]
[Result "1/2-1/2"]
[WhiteElo "2210"]
[BlackElo "2315"]

1.e4 g6 2.d4 Bg7 3.Nc3 Nc6 4.Be3 d6 5.f4 Nf6 6.h3 O-O 7.g4 e5 8.dxe5 dxe5
9.f5 gxf5 10.gxf5 Nd4 11.Nf3 c5 12.Bg5 Kh8 13.Nd5 Bxf5 14.Nxf6 Bxf6 15.Bxf6+ Qxf6
16.exf5 Rad8 17.Bg2 e4 18.Nxd4 Qh4+ 19.Kf1 Qf4+ 20.Kg1 Qe3+ 21.Kh2 Qf4+ 22.Kg1  1/2-1/2

[Event "Tuzla"]
[Site "Tuzla"]
[Date "1981.??.??"]
[Round "13"]
[White "Klaric, Zlatko"]
[Black "Sprecic, Mustafa"]
[Result "1-0"]
[WhiteElo "2450"]
[BlackElo "2310"]

1.d4 g6 2.e4 Bg7 3.Nc3 Nc6 4.Be3 d6 5.d5 Nb8 6.Qd2 c5 7.Be2 a6 8.a4 Qa5 9.Ra3 Nd7
10.Nf3 Ngf6 11.O-O O-O 12.Bh6 Rb8 13.Qg5 Re8 14.Bxg7 Kxg7 15.Nh4 Nf8 16.Kh1 Qc7
17.f4 b5 18.axb5 axb5 19.Bxb5 Nxe4 20.Nxe4 Rxb5 21.f5 f6 22.Qf4 Rb4 23.fxg6 Nxg6
24.Rg3 Rf8 25.Qf3 Qd8 26.Re1 Rb6 27.Qh5 Qe8 28.Nxg6 hxg6 29.Nxd6  1-0

[Event "Politiken Cup"]
[Site "Copenhagen"]
[Date "1982.??.??"]
[Round "3"]
[White "Iskov, Gert"]
[Black "Sznapik, Aleksander"]
[Result "1/2-1/2"]
[WhiteElo "2380"]
[BlackElo "2440"]

1.e4 g6 2.d4 Bg7 3.Nc3 a6 4.Bc4 b5 5.Bb3 Bb7 6.f3 d6 7.Be3 Nd7 8.a3 c5 9.dxc5 Nxc5
10.Bd5 Bxd5 11.exd5 Nf6 12.Nge2 O-O 13.O-O Qd7 14.Nd4 Rfe8 15.Qd2 Rac8 16.Rad1 Qb7
17.Nb3 Nxb3 18.cxb3 b4 19.Na4 bxa3 20.Nb6 Rb8 21.bxa3 Bh6 22.Bxh6 Qxb6+ 23.Kh1 Qxb3
24.Bg5 Qxa3 25.Ra1 Qc5 26.Bxf6 exf6 27.Rfc1 Qb5 28.Ra5 Qb6 29.h3 Re5 30.Rc6 Qb1+
31.Rc1 Qb6 32.Rc6 Qb1+ 33.Rc1 Rb2 34.Rxb1 Rxd2 35.Rxa6 Rexd5 36.Ra8+ Kg7
37.Rb7 Rg5 38.Raa7 Rgxg2 39.Rxf7+ Kh6 40.f4 Rh2+ 41.Kg1  1/2-1/2

[Event "Gausdal Jubilee"]
[Site "Gausdal"]
[Date "1982.??.??"]
[Round "4"]
[White "De Firmian, Nick E"]
[Black "Iskov, Gert"]
[Result "1-0"]
[WhiteElo "2470"]
[BlackElo "2380"]

1.e4 g6 2.d4 Bg7 3.Nc3 c5 4.Nf3 cxd4 5.Nxd4 Nc6 6.Be3 Nf6 7.Bc4 O-O 8.Bb3 a5
9.f3 d5 10.Bxd5 Nxd5 11.exd5 Nb4 12.Nde2 Bf5 13.Rc1 b5 14.O-O Rc8 15.Nd4 Rxc3
16.bxc3 Nxa2 17.Ra1 Nxc3 18.Qd2 Qc7 19.Nxf5 gxf5 20.d6 exd6 21.Bh6 f6 22.Bf4 Rd8
23.Rfe1 a4 24.Kh1 Qc4 25.Bh6 f4 26.Bxf4 b4 27.Bh6 Rd7 28.Re8+ Kf7 29.Rae1 a3
30.Qe3 Kg6 31.Bxg7 Rxg7 32.f4 Qd5 33.Qg3+ Kh6 34.Qh4+ Kg6 35.f5+ Qxf5 36.Qxb4 Nd5
37.Qxd6 a2 38.Ra8 Kh6 39.Ra3 Qf2 40.Rh3+ Kg6 41.Qg3+ Qxg3 42.Rxg3+ Kh6 43.Rxg7 Kxg7
44.Ra1 Nb4 45.c3 Nd5 46.Rxa2 Nxc3 47.Ra7+ Kg6 48.Kg1 Ne4 49.Re7 Nd6 50.Kf2 Nf5
51.Rd7 h5 52.Kf3 Nh4+ 53.Kg3 Nf5+ 54.Kf4 Nh4 55.Rd2 Nf5 56.Ke4 Nh6 57.Kd5 Ng4
58.h3 Ne3+ 59.Ke6 Nf5 60.Rf2 Ng7+ 61.Ke7 Nf5+ 62.Kf8 Nh6 63.Rf1 Nf5 64.Rf3 Nd6
65.Rg3+ Kf5 66.Rd3 Ne4 67.Kg7 Kg5 68.Kf7 h4 69.Rf3 f5 70.Ke6 Nc5+ 71.Kd6 Ne4+
72.Ke5 Ng3 73.Rf4  1-0

[Event "Luzern ol (Men)"]
[Site "Luzern"]
[Date "1982.??.??"]
[Round "3"]
[White "Franzoni, Giancarlo"]
[Black "Day, Lawrence A"]
[Result "1/2-1/2"]
[WhiteElo "2345"]
[BlackElo "2410"]

1.e4 g6 2.d4 Bg7 3.Nc3 c5 4.Nge2 Na6 5.g3 b6 6.Bg2 Bb7 7.O-O d6 8.Be3 Qd7
9.Qd2 h5 10.h3 Nf6 11.f4 cxd4 12.Bxd4 e5 13.Be3 Nc5 14.Bxc5 dxc5 15.Nd5 Nxd5
16.exd5 e4 17.Bxe4 O-O-O 18.Bg2 Bxd5 19.Nc3 Bd4+ 20.Kh2 Bb7 21.Bxb7+ Qxb7
22.Qg2 Rhe8 23.Rad1 Qxg2+ 24.Kxg2 Bxc3 25.Rxd8+ Kxd8 26.bxc3 Re4 27.f5 Ke7
28.fxg6 fxg6 29.Rf4 Re5 30.Kf3 Rd5 31.Ke2 Ke6 32.c4 Rd7 33.c3 Rd8 34.Re4+ Kf6
35.Rf4+ Kg7 36.Re4 Rd7 37.Re8 Kf7 38.Re5 Kf6 39.Re4 Rh7 40.Rf4+ Ke5 41.Ke3 Rd7
42.Re4+ Kf5 43.Rf4+ Kg5 44.Ke2 Re7+ 45.Kd2 Re6 46.Rh4 Kh6 47.Rf4 Kg7 48.h4 Re7
49.Rf1 g5 50.Rf5 gxh4 51.Rxh5 hxg3 52.Rg5+ Kf6 53.Rxg3 Rh7 54.Kc2 Ke5 55.Rd3 Ke4
56.Rd6 Rh2+ 57.Kb3 Rh7  1/2-1/2

[Event "Luzern ol (Men)"]
[Site "Luzern"]
[Date "1982.??.??"]
[Round "7"]
[White "Mestel, A Jonathan"]
[Black "Day, Lawrence A"]
[Result "0-1"]
[WhiteElo "2540"]
[BlackElo "2410"]

1.e4 g6 2.d4 Bg7 3.Nc3 c5 4.dxc5 Qa5 5.Bd2 Qxc5 6.Nd5 b6 7.Be3 Qc6 8.Bb5 Qb7
9.Bd4 f6 10.Qe2 Nc6 11.Bc3 a6 12.Bd3 b5 13.f4 d6 14.Nf3 e5 15.O-O-O Be6 16.f5 gxf5
17.Nh4 b4 18.Bd2 Nd4 19.Qh5+ Kf8 20.Nf3 Bf7 21.Qh3 fxe4 22.Bxb4 Qxd5 23.Nxd4 Bh6+
24.Bd2 Bxd2+ 25.Rxd2 exd4  0-1

[Event "Luzern ol (Men)"]
[Site "Luzern"]
[Date "1982.??.??"]
[Round "8"]
[White "Van der Wiel, John TH"]
[Black "Day, Lawrence A"]
[Result "1-0"]
[WhiteElo "2520"]
[BlackElo "2410"]

1.e4 g6 2.d4 Bg7 3.Nc3 c5 4.d5 d6 5.a4 Nf6 6.Bb5+ Nfd7 7.h4 O-O 8.h5 Nf6
9.hxg6 fxg6 10.Nh3 Bxh3 11.Rxh3 Qc8 12.Rh4 Nh5 13.Be2 Bd4 14.Bf3 Bf6 15.Rh1 Ng7
16.Bg4 Qd8 17.Qd3 Na6 18.Bh6 Qb6 19.O-O-O Nb4 20.Qh3 Na2+ 21.Nxa2 Qxb2+ 22.Kd2 Qd4+
23.Ke1 Qxe4+ 24.Kf1 Bd4 25.Rd2 Bxf2 26.Rxf2 Rxf2+ 27.Kxf2 Rf8+ 28.Kg1 Qe1+
29.Kh2 Qe5+ 30.Qg3 Qxd5 31.Nc3 Qc4 32.Re1 e5 33.Ne4 Nf5 34.Qh3 Qb4 35.c3 Qxa4
36.Bxf8 Kxf8 37.Bxf5  1-0

[Event "Rubinstein mem"]
[Site "Polanica Zdroj"]
[Date "1982.??.??"]
[Round "14"]
[White "Pokojowczyk, Jerzy"]
[Black "Sznapik, Aleksander"]
[Result "1/2-1/2"]
[WhiteElo "2420"]
[BlackElo "2480"]

1.e4 g6 2.d4 Bg7 3.Nc3 a6 4.f4 b5 5.Nf3 b4 6.Ne2 Bb7 7.Ng3 c5 8.Be3 cxd4
9.Bxd4 Nf6 10.e5 Nd5 11.f5 Nc6 12.Bc4 Nxd4 13.Qxd4 Qb6 14.O-O-O Qxd4 15.Rxd4 Ne3
16.Bd3 Bxf3 17.gxf3 Bxe5 18.Rxb4  1/2-1/2

[Event "Bohemians"]
[Site "Prague"]
[Date "1982.??.??"]
[Round "7"]
[White "Prandstetter, Eduard"]
[Black "Gazik, Igor"]
[Result "1/2-1/2"]
[WhiteElo "2410"]
[BlackElo "2335"]

1.e4 g6 2.d4 Bg7 3.Nc3 c5 4.Nf3 cxd4 5.Nxd4 Nc6 6.Be3 Nf6 7.Bc4 O-O 8.Bb3 d6
9.f3 Bd7 10.Qd2 Rc8 11.h4 h5 12.O-O-O Ne5 13.Kb1 Nc4 14.Bxc4 Rxc4 15.Nb3 Qc7
16.Bd4 Be6 17.g4 hxg4 18.h5 Rc8 19.h6 Bf8 20.fxg4 Kh7 21.Bxf6 exf6 22.Rdf1 Rxc3
23.bxc3 Be7 24.Rhg1 Qxc3 25.Qxc3 Rxc3 26.Nd4 Bc4 27.Rf3 Rxf3 28.Nxf3 Bd8
29.Rd1 Bc7 30.Rh1 Be2 31.Rh3 Bf1 32.Rh2 Bc4 33.g5 Bd8 34.Rd2 fxg5 35.Rxd6 Bb6
36.Nxg5+ Kxh6 37.Nf3 Be6 38.Rd1 g5 39.c3 Be3 40.Re1 Bf2 41.Re2 Bc5 42.Rh2+ Kg6
43.Rg2 g4 44.Kc2 Kf6 45.Nd4 Kg5 46.Kd3 Kf4 47.Rf2+ Kg3 48.Rf1 Kh2 49.Nxe6 fxe6
50.Rf6 g3 51.Rh6+ Kg1 52.Ke2 g2 53.Rxe6 Kh2 54.Kf3 g1=N+ 55.Kg4 Ne2 56.Re5 b6
57.c4 Kg2 58.Rxc5 bxc5 59.e5 Nd4 60.Kf4 Kf2 61.Ke4 Kg3 62.Kd5 Kf4 63.Kxc5 Kxe5
64.a4 Ne6+ 65.Kc6 Nd8+ 66.Kc7 Kd4 67.Kxd8 Kxc4 68.Kd7 Kb4 69.Kd6  1/2-1/2

[Event "Reykjavik op"]
[Site "Reykjavik"]
[Date "1982.??.??"]
[Round "?"]
[White "De Firmian, Nick E"]
[Black "Forintos, Gyozo V"]
[Result "1-0"]
[WhiteElo "2470"]
[BlackElo "2410"]

1.e4 g6 2.d4 Bg7 3.Nc3 c5 4.Nf3 cxd4 5.Nxd4 Nc6 6.Be3 Nf6 7.Bc4 O-O 8.Bb3 a5
9.f3 d5 10.Bxd5 Nxd5 11.exd5 Nb4 12.Nde2 Bf5 13.Rc1 b5 14.O-O Rc8 15.Nd4 Bxd4
16.Qxd4 Nxc2 17.Rxc2 e5 18.Qxe5 Re8 19.Qd4 Rc4 20.Qd2 Bxc2 21.Nxb5 Rb4 22.Nc3 Rxb2
23.Bc5 Qf6 24.Rc1 Rc8 25.Bd4 Bf5 26.Qe3 Qd8 27.Re1 Rb4 28.g4 Bc2 29.Re2 Bb1
30.Qe5 f6 31.Qxf6 Qxf6 32.Bxf6 Rb6  1-0

[Event "Rome-B"]
[Site "Rome"]
[Date "1982.??.??"]
[Round "?"]
[White "Iannacone, Ernesto"]
[Black "Martin Gonzalez, Angel"]
[Result "0-1"]
[WhiteElo "2320"]
[BlackElo "2380"]

1.d4 g6 2.e4 Bg7 3.Nc3 c5 4.d5 d6 5.Nf3 Nf6 6.Be2 Na6 7.O-O Nc7 8.Re1 O-O
9.a4 a6 10.Bc4 Bg4 11.h3 Bxf3 12.Qxf3 Nd7 13.Qg3 b5 14.axb5 axb5 15.Rxa8 Qxa8
16.Bf1 c4 17.Bg5 Re8 18.Qe3 Qa5 19.Qd2 b4 20.Nd1 c3 21.Qc1 e6 22.bxc3 bxc3
23.Ne3 exd5 24.Nxd5 Nxd5 25.exd5 Rxe1 26.Qxe1 Qxd5 27.Qe8+ Nf8 28.Be3 Qd1
29.Qe4 d5 30.Qd3 Qxd3 31.Bxd3 Ne6 32.Kf1 Kf8 33.Ke2 Ke7 34.g4 Be5 35.h4 h5
36.gxh5 gxh5 37.Kf3 Kf6 38.Ba6 Bd4 39.Bc1 Nc5 40.Bg5+ Kg7 41.Bb5 Bf6  0-1

[Event "DEN-ch"]
[Site "Vejle"]
[Date "1982.??.??"]
[Round "1"]
[White "Fries Nielsen, Niels Jorgen"]
[Black "Hoi, Carsten"]
[Result "0-1"]
[WhiteElo "2330"]
[BlackElo "2425"]

1.e4 Nc6 2.Nc3 g6 3.d4 Bg7 4.Be3 d6 5.Nf3 Nf6 6.h3 O-O 7.Qd2 e5 8.O-O-O exd4
9.Nxd4 Nxd4 10.Bxd4 Be6 11.g4 c5 12.Be3 Qa5 13.a3 b5 14.Nxb5 Qxd2+ 15.Rxd2 Nxe4
16.Rd1 Rab8 17.Bd3 d5 18.c3 d4 19.Bxe4 dxe3 20.Nxa7 exf2 21.Rhf1 Bh6+ 22.Kb1 Be3
23.Nc6 Rbe8 24.Bd5 Bxd5 25.Rxd5 Bd4 26.Rxd4 Re1+ 27.Rd1 Rxd1+ 28.Rxd1 Re8
29.Kc2 Re1 30.Ne7+ Kg7  0-1

[Event "Valby SK"]
[Site "Valby"]
[Date "1983.05.14"]
[Round "3"]
[White "Kovacs, Laszlo M"]
[Black "Pedersen, Finn"]
[Result "1-0"]
[WhiteElo "2350"]
[BlackElo "2325"]

1.e4 c5 2.Nc3 g6 3.d4 Bg7 4.d5 d6 5.a4 Nf6 6.Bb5+ Nbd7 7.Nf3 O-O 8.O-O a6
9.Be2 b6 10.Nd2 Rb8 11.Nc4 Ne8 12.Bg5 h6 13.Be3 Nc7 14.Qd2 Kh7 15.f4 b5 16.axb5 axb5
17.Na5 b4 18.Nd1 Bb7 19.c4 Ne8 20.Nf2 Qc7 21.Nd3 Ra8 22.Nxb7 Qxb7 23.e5 Rxa1
24.Rxa1 Nb6 25.b3 Nc7 26.Bf3 Ra8 27.Rb1 Ra5 28.Nxc5 dxc5 29.d6 Qc8 30.dxe7 Ne6
31.Rd1 Ra3 32.Qd6 Ra7 33.Qxb6 Rxe7 34.Qd6 Re8 35.Qd7 Qxd7 36.Rxd7 Kg8 37.Bd5 Bf8
38.g4 Re7 39.Bxe6 fxe6 40.Rxe7 Bxe7 41.Kf2 Kf7 42.Kf3  1-0

[Event "Bundesliga 8283"]
[Site "Germany"]
[Date "1983.??.??"]
[Round "?"]
[White "Seppeur, Reinhold"]
[Black "Kunsztowicz, Uwe"]
[Result "1-0"]
[WhiteElo "2310"]
[BlackElo "2350"]

1.e4 g6 2.d4 Bg7 3.Nc3 c5 4.d5 d6 5.Be2 Nf6 6.Nf3 O-O 7.O-O Na6 8.Re1 Nc7
9.a4 a6 10.Bf1 b6 11.h3 Bb7 12.Bf4 Qd7 13.Qd2 b5 14.a5 Rfe8 15.g4 Rad8 16.Bg2 e6
17.dxe6 Nxe6 18.Bg3 Nc7 19.e5 dxe5 20.Qxd7 Nxd7 21.Nxe5 Bxg2 22.Nxd7 Rxd7
23.Kxg2 Rxe1 24.Rxe1 Bxc3 25.bxc3 Ne6 26.Re2 g5 27.Kf3 Kg7 28.Ke4 Kg6 29.h4 f6
30.f4 gxf4 31.Bxf4 c4 32.Be3 Re7 33.Kf3 h5 34.gxh5+ Kxh5 35.Rd2 Ng7 36.Bf2 Re6
37.Rd7 Kg6 38.Rb7 Nh5 39.Ra7 Kf5 40.Bb6 Nf4 41.Rxa6 Nd5 42.h5 Rc6 43.h6 Kg6
44.Ra7 Nxb6 45.h7 Rc8 46.axb6 Rb8 47.b7 Kxh7 48.Ke4 Kg6 49.Kd5 f5 50.Kc6 f4  1-0

[Event "Bundesliga 8283"]
[Site "Germany"]
[Date "1983.??.??"]
[Round "?"]
[White "Roeder, Frank"]
[Black "Wittmann, Rainer"]
[Result "0-1"]
[WhiteElo "2275"]
[BlackElo "2325"]

1.e4 g6 2.d4 Bg7 3.Nc3 c5 4.Be3 Qa5 5.Qd2 cxd4 6.Bxd4 Bxd4 7.Qxd4 Nf6 8.Nf3 Nc6
9.Qd2 d6 10.Nd5 Qxd2+ 11.Kxd2 Nxd5 12.exd5 Nb4 13.Bc4 a5 14.Rhe1 Bd7 15.a3 Na6
16.Re3 b5 17.Ba2 Kf8 18.Nd4 h5 19.h4 Rg8 20.Rae1 Re8 21.f4 f5 22.c3 Rg7 23.b4 axb4
24.cxb4 Rc8 25.Rc1 Rxc1 26.Kxc1 Kf7 27.Rc3 Rg8 28.Rc6 Ra8 29.Kb2 Bxc6 30.dxc6+ Kf6
31.Nxb5 Rc8 32.Nc3 e6 33.b5 Nc5 34.a4 d5 35.a5 Ke7 36.Ne2 Ra8 37.a6 Rb8 38.c7 Rxb5+
39.Kc3 Kd7 40.Nd4 Ne4+ 41.Kd3 Ra5 42.Nc6 Rxa2  0-1

[Event "Aarhus-A"]
[Site "Aarhus"]
[Date "1984.??.??"]
[Round "1"]
[White "Jensen, Vagn"]
[Black "Pedersen, Karl"]
[Result "1/2-1/2"]
[WhiteElo "2205"]
[BlackElo "2200"]

1.e4 g6 2.d4 Bg7 3.Nc3 c5 4.Nf3 cxd4 5.Nxd4 Nc6 6.Be3 Nf6 7.Be2 O-O 8.O-O d5
9.exd5 Nxd5 10.Nxd5 Qxd5 11.Bf3 Qc4 12.Nxc6 bxc6 13.c3 Rb8 14.Qc1 c5 15.Rd1 Bb7
16.Bxb7 Rxb7 17.b3 Qb5 18.Rd5 Rc8 19.Qd2 h5 20.Rd1 e6 21.c4 Qb6 22.Rd6 Qc7
23.Rd8+ Kh7 24.Rxc8 Qxc8 25.Qd8 Qc7 26.Qxc7 Rxc7 27.Kf1 Bh6 28.Bxh6 Kxh6
29.Rd6 Kg7 30.Ke2 Kf6 31.Kd2 Ke5 32.Rd8 h4 33.h3 g5 34.Kc3 Kf4 35.a3 f5 36.b4 g4
37.Rh8 Kg5 38.Rg8+ Kf4 39.Rh8 Kg5 40.Rg8+ Kf4 41.hxg4 fxg4 42.Rf8+ Kg5 43.Rg8+  1/2-1/2

[Event "Alfoldi mem (Women)"]
[Site "Budapest"]
[Date "1984.??.??"]
[Round "?"]
[White "Madl, Ildiko"]
[Black "Szaday, Laszlone"]
[Result "1-0"]
[WhiteElo "2060"]
[BlackElo "2020"]

1.e4 g6 2.d4 Bg7 3.Nc3 a6 4.Be3 b5 5.a3 Bb7 6.f4 e6 7.Nf3 Ne7 8.Bd3 O-O 9.O-O d6
10.f5 e5 11.dxe5 dxe5 12.Qd2 gxf5 13.exf5 e4 14.Nxe4 Nxf5 15.Neg5 Nxe3 16.Bxh7+ Kh8
17.Nxf7+ Kxh7 18.Nxd8 Bd5 19.Qxe3 Rxd8 20.Rad1 c6 21.Ng5+  1-0

[Event "Bundesliga 8384"]
[Site "Germany"]
[Date "1984.??.??"]
[Round "?"]
[White "Calvo Minguez, Ricardo"]
[Black "Schlick, Volker"]
[Result "1-0"]
[WhiteElo "2420"]
[BlackElo "2270"]

1.d4 g6 2.e4 Bg7 3.Nc3 c5 4.dxc5 Qa5 5.Bd2 Qxc5 6.Nf3 Nf6 7.Bd3 Nc6 8.O-O O-O
9.a3 d6 10.b4 Qb6 11.h3 Bd7 12.Be3 Qc7 13.Nb5 Qb8 14.Nbd4 e5 15.Nb3 d5 16.Nc5 Rd8
17.Ng5 Be8 18.exd5 Nxd5 19.Qf3 Qc7 20.Bc4 e4 21.Qxe4 Nxe3 22.fxe3 Bxa1 23.Qh4 h5
24.Nxf7 Bxf7 25.Rxf7 Qxf7 26.Bxf7+ Kxf7 27.Qc4+ Kg7 28.Ne6+ Kf6 29.Nxd8 Rxd8
30.Qf1+ Ke6 31.Qxa1 Ne5 32.Qc3 h4 33.b5 b6 34.Kf2 g5 35.Ke2 Kf5 36.Qc7 Rd7
37.Qc8 Ke4 38.a4 Rd5 39.Qb7 Nc4 40.Qh7+ Ke5 41.Qe7+  1-0

[Event "Tirnavia-B"]
[Site "Trnava"]
[Date "1984.??.??"]
[Round "9"]
[White "Cibulka, Vladimir"]
[Black "Horvath, Gyula"]
[Result "0-1"]
[WhiteElo "2310"]
[BlackElo "2375"]

1.e4 g6 2.d4 Bg7 3.Nc3 c5 4.dxc5 Qa5 5.Bd2 Qxc5 6.Nf3 Nf6 7.Bd3 d6 8.O-O O-O
9.h3 Nbd7 10.Be3 Qc7 11.Qd2 a6 12.Bh6 b5 13.Bxg7 Kxg7 14.a3 Bb7 15.Rfe1 e5
16.Nh2 Nc5 17.Ng4 Nxg4 18.hxg4 Rh8 19.Qe3 h5 20.Be2 hxg4 21.Bxg4 Rh4 22.f3 Rah8
23.Bh3 Qe7 24.Rad1 Rxh3 25.gxh3 Rxh3 26.Qf2 Qg5+ 27.Kf1 Qh5  0-1

[Event "Bundesliga 8485"]
[Site "Germany"]
[Date "1985.??.??"]
[Round "?"]
[White "Ruehrig, Volkhard"]
[Black "Schlick, Volker"]
[Result "0-1"]
[WhiteElo "2375"]
[BlackElo "2320"]

1.d4 g6 2.e4 Bg7 3.Nc3 c5 4.dxc5 Qa5 5.Ne2 Nf6 6.Bd2 Qxc5 7.h3 d6 8.g4 Nc6
9.Bg2 Bd7 10.Nf4 Ne5 11.g5 Nh5 12.Nxh5 gxh5 13.Nd5 Rc8 14.Bc3 e6 15.Ne3 Bb5
16.a4 Nf3+ 17.Bxf3 Bxc3+ 18.bxc3 Qxc3+ 19.Qd2 Qxa1+ 20.Bd1 Ba6 21.Qxd6 Qc3+
22.Qd2 Qe5 23.Bxh5 O-O 24.Qb4 Rfd8 25.Bd1 Rc4 26.Qa3 Rc3 27.Qc1 Qxe4 28.Rg1 Qb4  0-1

[Event "WchT U26"]
[Site "Mendoza"]
[Date "1985.??.??"]
[Round "12"]
[White "Franzoni, Giancarlo"]
[Black "Gervasio, Ricardo"]
[Result "1-0"]
[WhiteElo "2345"]
[BlackElo "2225"]

1.e4 g6 2.d4 Bg7 3.Nc3 c5 4.Nf3 cxd4 5.Nxd4 d6 6.Be2 Nf6 7.O-O O-O 8.Bg5 Nc6
9.Nb3 Bd7 10.Kh1 a6 11.a4 h6 12.Be3 b6 13.Qd2 Kh7 14.f4 Qc7 15.Rae1 Nb4 16.Bf3 Rac8
17.Qf2 Nxc2 18.Qxc2 Bxa4 19.Ra1 Qc4 20.Rxa4 Qxf1+ 21.Bg1 b5 22.Ra1 Qc4 23.Nd2 Qe6
24.Qb1 b4 25.Ne2 Nd7 26.Rxa6 Nc5 27.Ra1 Nb3 28.Nxb3 Qxb3 29.Nd4 Qc4 30.Be2 Qc7
31.f5 Bxd4 32.Bxd4 Qc2 33.fxg6+ fxg6 34.Bd3 Qxb1+ 35.Rxb1 e5 36.Be3 Rfd8
37.Rd1 Kg7 38.Bb1 Rc4 39.Kg1 g5 40.Kf2 Kf6 41.Ke2 Rd7 42.Kd3 d5 43.Rf1+ Kg6
44.exd5 Rg4 45.Ke2+ e4 46.g3 h5 47.Kf2 Rxd5 48.Kg2 h4 49.Kh3 Rf5 50.Rxf5 Kxf5
51.Bc2  1-0

[Event "BUL-ch"]
[Site "Sofia"]
[Date "1985.??.??"]
[Round "13"]
[White "Andonov, Bogomil"]
[Black "Peev, Peicho Chonev"]
[Result "1/2-1/2"]
[WhiteElo "2300"]
[BlackElo "2370"]

1.e4 c5 2.Nc3 g6 3.d4 Bg7 4.d5 d6 5.Nf3 Nf6 6.Be2 O-O 7.O-O Bg4 8.h3 Bxf3
9.Bxf3 Nfd7 10.Be2 Na6 11.Be3 Nc7  1/2-1/2

[Event "Pugi mem"]
[Site "Toronto"]
[Date "1985.??.??"]
[Round "4"]
[White "Hertan, Charles E"]
[Black "Day, Lawrence A"]
[Result "1/2-1/2"]
[WhiteElo "2350"]
[BlackElo "2400"]

1.e4 g6 2.d4 Bg7 3.Nc3 c5 4.dxc5 Bxc3+ 5.bxc3 Qa5 6.Bd3 Qxc3+ 7.Bd2 Qxc5
8.Nf3 d6 9.O-O Nf6 10.Bh6 Ng4 11.Bg7 Rg8 12.Bd4 Qc7 13.h3 Ne5 14.c4 Nbc6
15.Be3 Nxf3+ 16.Qxf3 Bd7 17.Rfc1 Ne5 18.Qe2 Bc6 19.c5 Nxd3 20.Qxd3 dxc5 21.Rxc5 Qd7
22.Qc2 Qe6 23.e5 Rd8 24.Qc3 g5 25.Qc2 Rg6 26.Rc1 a6 27.a3 Rd5 28.Qc3 h6 29.f3 Rxc5
30.Qxc5 h5 31.Rd1 g4 32.Qa7 Qc8 33.hxg4 hxg4 34.f4 g3 35.Qd4 Qd7 36.f5 Rg8
37.f6 Qxd4 38.Bxd4 exf6 39.exf6 Kd7 40.Re1 Bd5 41.Re3 Kd6 42.Be5+ Kc5 43.Rxg3 Rxg3
44.Bxg3 Kc4 45.Bd6 b5 46.Kf2 a5 47.Ke2 Kb3 48.Kd2 Kb2 49.g4  1/2-1/2

[Event "Bundesliga 8586"]
[Site "Germany"]
[Date "1986.??.??"]
[Round "?"]
[White "Treppner, Gerd"]
[Black "Schlick, Volker"]
[Result "0-1"]
[WhiteElo "2280"]
[BlackElo "2260"]

1.d4 g6 2.e4 Bg7 3.Nc3 c5 4.dxc5 Qa5 5.Bd2 Qxc5 6.Nd5 Na6 7.Nf3 e6 8.Nc3 Ne7
9.Be2 O-O 10.O-O d5 11.Be3 Qb4 12.exd5 Nf5 13.Bd2 Rd8 14.Rb1 exd5 15.Nxd5 Rxd5
16.Bxb4 Rxd1 17.Rfxd1 Nxb4 18.Rd8+ Bf8 19.Ne5 Kg7 20.c3 Be7 21.Rd2 Bg5 22.Rdd1 Nc6
23.Nxc6 bxc6 24.Bf3 Ne7 25.Rd6 Rb8 26.b3 Be6 27.Rbd1 Rb6 28.c4 Ra6 29.g3 Rxa2
30.Bxc6 Bg4 31.R1d4 h5 32.Be4 Nf5 33.Bxf5 Bxf5 34.c5 Bg4 35.f4 Be7 36.Rc6 Bh3
37.Rd1 Rg2+ 38.Kh1 Rc2  0-1

[Event "Jajce (Women)"]
[Site "Jajce"]
[Date "1986.??.??"]
[Round "13"]
[White "Puljek Salai, Zorica"]
[Black "Petrovic, Marija"]
[Result "1-0"]
[WhiteElo "2085"]
[BlackElo "2110"]

1.e4 g6 2.d4 Bg7 3.Nc3 a6 4.Bc4 b5 5.Bb3 d6 6.h3 Nd7 7.Nf3 e6 8.O-O c6 9.Re1 Ne7
10.Bg5 h6 11.Bh4 b4 12.Na4 Nf6 13.Qd2 Rb8 14.c4 O-O 15.Bxf6 Bxf6 16.Qxh6 Bg7
17.Qh4 Re8 18.Qf4 Rb7 19.c5 d5 20.Nb6 dxe4 21.Qxe4 Rxb6 22.cxb6 Qxb6 23.Ne5 Nd5
24.Rac1 Bb7 25.Bxd5 cxd5 26.Qf4 Bxe5 27.Qxe5 a5 28.Qc7 Qa6 29.Qd7 Rf8 30.Rc7 Bc8
31.Qc6 Qxc6 32.Rxc6 a4 33.Rec1 Bd7 34.Rb6 b3 35.axb3 axb3 36.Rxb3 e5 37.Rb7 Be6
38.dxe5 Rd8 39.Rb6 d4 40.Rd6 Rb8 41.Rc2 Rb5 42.Rxd4 Rxe5 43.b4 Re1+ 44.Kh2 Rb1
45.Rc5 Kg7 46.b5 Kf6 47.Rd6 Ke7 48.Rd2 Kf6 49.Kg3 Rb3+ 50.f3 Rb1 51.Kf2 Rb3
52.Ke1 Rb1+ 53.Kf2 Rb3 54.h4 Rb1 55.Ke3 Rb3+ 56.Kd4 Rb4+ 57.Kc3 Rxh4 58.b6 Rh8
59.b7 Rb8 60.Rb2 Ke7 61.Ra5 Kd7 62.Ra8 Kc7 63.Rxb8 Kxb8 64.Kd4 g5 65.Ke5 g4
66.f4 Bc4 67.g3  1-0